VILO - Góry Świata - Statystyki

Ogólne statystyki
  • Ten quiz został rozwiązany 79 razy
    59 od ostatniego zresetowania
  • Średni wynik to 29 z 63
Odpowiedzi na mapie
Odpowiedzi zakodowano w zielono-czerwonej skali na mapie do tego quizu, zgodnie z poniższymi procentami.
 
Statystyki odpowiedzi
Odpowiedź % Poprawnych
Góry Skandynawskie
79%
Kilimandżaro
79%
Atlas
72%
Góry Południowochińskie
72%
Olimp
72%
Sudety
72%
Ural
72%
Karpaty
66%
Pireneje
66%
Appalachy
62%
Etna
62%
Himalaje
62%
Alpy
59%
Góry Smocze
59%
Sierra Madre Wschodnia
59%
Wielkie Góry Wododziałowe
59%
Andy
55%
Góry Przylądkowe
55%
Kordyliera Środkowa
55%
Pogórze Kazachskie
55%
Góra Kościuszki
52%
Góry Czerskiego
52%
Góry Harz
52%
Góry Wierchojańskie
52%
Kaukaz
52%
Mont Blanc
52%
Sierra Madre Zachodnia
52%
Alpy Południowe
48%
Ghaty Zachodnie
48%
Góry Brooksa
48%
Kordyliera Zachodnia
48%
Wezuwiusz
48%
Aconcagua
45%
Ghaty Wschodnie
45%
Karakorum
45%
Góry Skaliste
41%
Kordyliera Wschodnia
41%
Denali
38%
Góry Jabłonowe
38%
Góry Kaledońskie
38%
Masyw Centralny
38%
Taurus
38%
Tien-Szan
38%
Wielkie Góry Śnieżne
38%
Wogezy
38%
Góry Dynarskie
34%
Góry Kantabryjskie
34%
Hindukusz
31%
Kordyliera Wulkaniczna
31%
Rodopy
31%
Sajany
31%
Sichote Alin
31%
Zagros
31%
Ałtaj
28%
Elbrus
28%
Góry Betyckie
28%
Kunlun
28%
Góry Stanowe
24%
Pamir
24%
Szumawa
24%
Ardeny
21%
Kordyliera Nadbrzeżna
21%
Góry Pontyjskie
17%
Nie znaleziono quizów pasujących do podanych kryteriów
Rozkład punktacji
Procent ludzi z każdym wynikiem
Percentyl według liczby udzielonych odpowiedzi
Twoja historia wyników
Nie rozwiązałeś tego quizu od ostatniego zresetowania